| 000 | 01358cam a2200433 4500 | ||
|---|---|---|---|
| 003 | PE-LiUPU | ||
| 005 | 20250731184608.0 | ||
| 020 | _a0961308907 | ||
| 035 | _a(Sirsi) i9780961308902 | ||
| 035 | _a(Sirsi) 19973 | ||
| 035 | _a(Sirsi) 19973 | ||
| 041 | _aen | ||
| 044 | _aus | ||
| 082 | 0 | 4 |
_a930.1095694 _bS47 |
| 100 | 1 |
_aShanks, Hershel _eed. |
|
| 245 | _aRecent Archaeology in the Land of Israel. | ||
| 264 | 1 |
_aWashington, D.C. : _bBiblical Archaeology Society, _c1984 |
|
| 300 |
_a194 páginas : _bil ; _c24 cm. |
||
| 505 | 0 | _aExcavations and discoveries -- "Break forth together into singing, you waste places of Jerusalem" -- Israel through the ages | |
| 526 | _aP136 | ||
| 526 | _aP135 | ||
| 526 | _aP134 | ||
| 526 | _aP133 | ||
| 526 | _aP144 | ||
| 526 | _aP143 | ||
| 526 | _aP87 | ||
| 526 | _aP35 | ||
| 526 | _aP20 | ||
| 526 | _aP14 | ||
| 526 | _aP10 | ||
| 526 | _aP06 | ||
| 650 | _jISRAEL - ARQUEOLOGIA | ||
| 942 |
_2ddc _cBOOK |
||
| 949 |
_a930.1095694 S47 _i42857 _lCCODEBUL1 _mBUL _tLIBRO _o.STAFF. Circulación |
||
| 859 |
_q42857 _h930.1095694 _iS47 |
||
| 910 | _aaj-em | ||
| 596 | _a1 | ||
| 999 |
_a930.1095694 S47 _wDEWEY _c60827 _i42857 _f2022-5-6 _g1 _lCCODEBUL1 _mBUL _r1 _sY _tBOOK _u2015-6-16 _xTEOLOGIA _zUNKNOWN _0COMPRA _o.STAFF. Colección General _d60827 |
||
| 980 |
_81 _gALBERTO SANCHEZ Responsable de Automatización |
||